• 首页
  • 本馆介绍
  • 公告通知
  • 最新文献
  • 馆藏检索
  • 电子资源
  • 读者导购
  • 参考咨询
  • 我的图书馆
  • 登录
  • 详细信息显示
  • 放入我的书架
  • 预约/预借图书
  • 作者相关作品
  • 分类相关作品
  • 丛书相关作品
  • 出版社相关作品

书目信息

  • 表格格式
  • 工作单格式
  • 卡片格式
题名:
即使生病,即使年老,也要跟最爱的人一起吃饭
    
 
作者: 久理子 著 ;郭雅馨 译
分册:  
出版信息: 青岛   青岛出版社  2021
页数: 222页
开本: 21cm
丛书名:
单 册:
中图分类: TS972.183.13 , TS972.18
科图分类:
主题词: 食谱--日本
电子资源:
ISBN: 978-7-5552-9784-0
000 01170nam0 2200241 450
001 2335010522
005 20230923094359.14
010    @a978-7-5552-9784-0@dCNY39.80
100    @a20211011d2021 em y0chiy50 ea
101 1  @achi@cjpn
102    @aCN@b370200
105    @aa z 000yy
200 1  @a即使生病,即使年老,也要跟最爱的人一起吃饭@Aji shi sheng bing,ji shi nian lao,ye yao gen zui ai de ren yi qi chi fan@f(日)久理子著@g郭雅馨译
210    @a青岛@c青岛出版社@d2021
215    @a222页@c图@d21cm
330    @a本书作者的丈夫罹患癌症。在悉心照顾丈夫日常起居的过程中,作者利用自己多年来开办美食课堂的经验,开发出了一款款让丈夫赞不绝口的健康美食。作者将这些制作美食的经验结合日常照顾患病丈夫的心得集结于此书,与读者分享。随着社会高龄化进程的加快,居家康复照护成为人们关注的热点。本书有暖心动人的故事与健康美食的制作讲解,对如何做好居家康复照护有一定的参考价值。 同时本书也是一本治愈系温情文集,表达了对生死、对健康、对分离、对幸福等等的人生感悟。
606 0  @a食谱@y日本
690    @aTS972.183.13@v5
690    @aTS972.18@v4
701  0 @c(日)@a久理子@Ajiu li zi@4著
702  0 @a郭雅馨@Aguo ya xin@4译
801  0 @aCN@b安徽时代@c20230923
905    @aBZT@dTS972.18@e6
    
    即使生病,即使年老,也要跟最爱的人一起吃饭/(日)久理子著/郭雅馨译.-青岛:青岛出版社,2021
    222页:图;21cm
    
    
    ISBN 978-7-5552-9784-0:CNY39.80
    本书作者的丈夫罹患癌症。在悉心照顾丈夫日常起居的过程中,作者利用自己多年来开办美食课堂的经验,开发出了一款款让丈夫赞不绝口的健康美食。作者将这些制作美食的经验结合日常照顾患病丈夫的心得集结于此书,与读者分享。随着社会高龄化进程的加快,居家康复照护成为人们关注的热点。本书有暖心动人的故事与健康美食的制作讲解,对如何做好居家康复照护有一定的参考价值。 同时本书也是一本治愈系温情文集,表达了对生死、对健康、对分离、对幸福等等的人生感悟。
●
相关链接 在五车中查询图书 在当当中查询图书 在豆瓣中查询图书


正题名:即使生病,即使年老,也要跟最爱的人一起吃饭     索取号:TS972.18/6         预约/预借

序号 登录号 条形码 馆藏地/架位号 状态 备注
1 2000916067   2000916067   第四书库/四28架A面3层4列/ [索取号:TS972.18/6] 在馆    
2 2000916068   2000916068   第四书库/四28架A面3层4列/ [索取号:TS972.18/6] 在馆    
3 2000916069   2000916069   第四书库/四28架A面3层4列/ [索取号:TS972.18/6] 在馆    
4 2000916070   2000916070   第四书库/四28架A面3层4列/ [索取号:TS972.18/6] 在馆    
5 2000916071   2000916071   第四书库/四28架A面3层4列/ [索取号:TS972.18/6] 在馆    
6 2000916072   2000916072   第四书库/四28架A面3层4列/ [索取号:TS972.18/6] 在馆    
山东省滨州职业学院图书馆 欢迎您!
大连网信软件有限公司© 版权所有